Unnayanar punarchintat/ (Record no. 11373)

MARC details
000 -LEADER
fixed length control field 00607nam a22002177a 4500
005 - DATE AND TIME OF LATEST TRANSACTION
control field 20260515114929.0
008 - FIXED-LENGTH DATA ELEMENTS--GENERAL INFORMATION
fixed length control field 220922b ||||| |||| 00| 0 eng d
020 ## - INTERNATIONAL STANDARD BOOK NUMBER
International Standard Book Number 9788194692454
040 ## - CATALOGING SOURCE
Original cataloging agency IN-DiNC
Transcribing agency IN-DiNC
041 ## - LANGUAGE CODE
Language code of sung or spoken text asm
082 ## - DEWEY DECIMAL CLASSIFICATION NUMBER
Classification number 303.44
Item number BOR
100 ## - MAIN ENTRY--PERSONAL NAME
Personal name Borah, Rajen
Relator term author
245 ## - TITLE STATEMENT
Title Unnayanar punarchintat/
Statement of responsibility, etc. by Rajen Borah, Pankaj Boruah and Akhil Borah
250 ## - EDITION STATEMENT
Edition statement 2nd rev. ed.
260 ## - PUBLICATION, DISTRIBUTION, ETC.
Place of publication, distribution, etc. Jorhat:
Name of publisher, distributor, etc. Bidya bhawan,
Date of publication, distribution, etc. 2021
300 ## - PHYSICAL DESCRIPTION
Extent 224p.
650 ## - SUBJECT ADDED ENTRY--TOPICAL TERM
Topical term or geographic name entry element Rethinking development
700 ## - ADDED ENTRY--PERSONAL NAME
Personal name Boruah, Pankaj
Relator term author
700 ## - ADDED ENTRY--PERSONAL NAME
Personal name Borah, Akhil
Relator term author
942 ## - ADDED ENTRY ELEMENTS (KOHA)
Source of classification or shelving scheme Dewey Decimal Classification
Koha item type Books
Holdings
Withdrawn status Lost status Source of classification or shelving scheme Damaged status Not for loan Collection Home library Current library Shelving location Date acquired Cost, normal purchase price Total checkouts Full call number Barcode Date last seen Date last checked out Copy number Price effective from Koha item type
    Dewey Decimal Classification       Naharkatiya College Library Naharkatiya College Library General stacks 09/22/2022 220.00 15 303.44 BOR 29070 12/13/2023 12/05/2023 1 09/22/2022 Books
    Dewey Decimal Classification       Naharkatiya College Library Naharkatiya College Library General stacks 09/22/2022 220.00 13 303.44 BOR 29071 12/13/2023 11/22/2023 2 09/22/2022 Books
    Dewey Decimal Classification       Naharkatiya College Library Naharkatiya College Library General stacks 09/22/2022 220.00   303.44 BOR 29072 09/22/2022   3 09/22/2022 Books